000
00303nam a2200133Ia 4500
005
20260326100030.0
008
260326s9999||||xx |||||||||||||| ||und||
100
_a
Pastier, John
245
0
_a
Cesar Pelli /
_c
John Pastier
260
_b
Granada
300
_a
120 p.
650
_a
ARQUITECTOS
942
_c
BK
999
_c
6579
_d
6579